[Event "BAF"]
[Site "SchemingMind.com"]
[Date "2021.10.03"]
[Round "-"]
[White "Derek Price"]
[Black "grabapawn"]
[Result "1-0"]
[WhiteCountry "ENG"]
[BlackCountry "USA"]
[WhiteElo "2214"]
[WhiteRD "68"]
[BlackElo "1495"]
[BlackRD "64"]
[GameID "716034"]

1. c4 f5 2. g3 e6 3. Bg2 c6 4. Nf3 Nf6 5. O-O Be7 6. b3 O-O 7. Bb2 Qe8 8. Nc3 d6 9. d4 Qg6 10. Qc2 Qh6
11. e4 Nbd7 12. exf5 exf5 13. Rae1 Re8 14. d5 Ne5 15. dxc6 Nfg4 16. h3 Rf8 17. hxg4 Nxg4 18. Rxe7 bxc6 19. Ne2 Nf6 20. Bc1 Qh5
21. Nf4 Qg4 22. c5 Ne4 23. cxd6 Nxd6 24. Qxc6 Nb7 25. Qd5+ Kh8 26. Ne5 Qg5 27. Nf7+
1-0

[Event "BAF"]
[Site "SchemingMind.com"]
[Date "2021.10.03"]
[Round "-"]
[White "grabapawn"]
[Black "Phillip Beckett"]
[Result "1-0"]
[WhiteCountry "USA"]
[BlackCountry "ENG"]
[WhiteElo "1495"]
[WhiteRD "64"]
[BlackElo "1439"]
[BlackRD "56"]
[GameID "716035"]

1. f4 e5 2. fxe5 d6 3. Nf3 dxe5 4. e4 Nc6 5. Nc3 Nf6 6. Bc4 Bc5 7. d3 O-O 8. Na4 Bd6 9. O-O Nd4 10. Bg5 h6
11. Bh4 Be6 12. Bxe6 fxe6 13. c3 Nxf3+ 14. Rxf3 Be7 15. Qd2 Nd7 16. Bxe7 Qxe7 17. Raf1 Rxf3 18. Rxf3 Rf8 19. Rg3 Qf6 20. Qe2 Qf4
21. Rf3 Qc1+ 22. Rf1 Rxf1+ 23. Qxf1 Qxf1+ 24. Kxf1 c6 25. b4 Nb6 26. Nc5 Kf7 27. Nxb7 Na4 28. c4 Nc3 29. a3 Nb1 30. Nd8+ Ke8
31. Nxc6 Nxa3 32. Nxa7 Nc2 33. b5 Nb4 34. Ke2 Kd7 35. Nc6 Na2 36. Nxe5+ Kd6 37. d4 Nc3+ 38. Kd3 Na4 39. c5+ Nxc5+ 40. dxc5+ Kxc5
41. Nd7+ Kxb5 42. Kd4 Kc6 43. Ne5+ Kd6 44. h4 g5 45. hxg5 hxg5 46. Nf7+
1-0

[Event "BAF"]
[Site "SchemingMind.com"]
[Date "2021.10.03"]
[Round "-"]
[White "grabapawn"]
[Black "JAHI"]
[Result "1/2-1/2"]
[WhiteCountry "USA"]
[BlackCountry "INT"]
[WhiteElo "1526"]
[WhiteRD "61"]
[BlackElo "1995"]
[BlackRD "72"]
[GameID "716036"]

1. f4 c6 2. b3 a6 3. Bb2 a5 4. Nf3 a4 5. e4 d6 6. d4 Bg4 7. Be2 Bxf3 8. Bxf3 Nd7 9. O-O e6 10. Nd2 h6
11. Qe1 a3 12. Bc3 Be7 13. d5 Kf8 14. Qg3 Bf6 15. Bxf6 Qxf6 16. e5 dxe5 17. Ne4 Qg6 18. Qxg6 fxg6 19. dxe6 Ndf6=
1/2-1/2

[Event "BAF"]
[Site "SchemingMind.com"]
[Date "2021.10.03"]
[Round "-"]
[White "eliecercruzr"]
[Black "grabapawn"]
[Result "1-0"]
[WhiteCountry "CUB"]
[BlackCountry "USA"]
[WhiteElo "2226"]
[WhiteRD "86"]
[BlackElo "1495"]
[BlackRD "64"]
[GameID "716037"]

1. d4 f5 2. g3 e6 3. Bg2 c6 4. Nh3 Be7 5. Nd2 Nf6 6. e4 O-O 7. e5 Ng4 8. Nc4 Qe8 9. O-O b5 10. Na5 Qg6
11. Nf4 Qh6 12. h3 Bg5 13. hxg4 Na6 14. a4 Nc7 15. gxf5 Rxf5 16. axb5 Nxb5 17. c4 Nc7 18. Nb3 Ba6 19. Ra4 Raf8 20. Nc5 Bxf4
21. Bxf4 Rxf4 22. gxf4 Rxf4 23. Nxa6 Nxa6 24. Rxa6 Qg5 25. Rxa7 Rg4 26. Qf3 h5 27. Rxd7 h4 28. Kh2 Rf4 29. Qxc6 h3 30. Qxe6+ Kh7
31. Bd5 Rf8 32. Be4+ Kh8 33. Qxh3+
1-0

[Event "BAF"]
[Site "SchemingMind.com"]
[Date "2021.10.02"]
[Round "-"]
[White "Derek Price"]
[Black "Phillip Beckett"]
[Result "1-0"]
[WhiteCountry "ENG"]
[BlackCountry "ENG"]
[WhiteElo "2203"]
[WhiteRD "69"]
[BlackElo "1493"]
[BlackRD "52"]
[GameID "716038"]

1. c4 Nf6 2. g3 d5 3. cxd5 Nxd5 4. Bg2 c6 5. Nc3 Nxc3 6. bxc3 g6 7. Nf3 Bg7 8. O-O O-O 9. d4 Nd7 10. Re1 e5
11. e4 exd4 12. cxd4 Nf6 13. Rb1 Bg4 14. Rxb7 Qc8 15. Rb3 Re8 16. Qc2 Rb8 17. Rxb8 Qxb8 18. h3 Bd7 19. Ne5 Be6 20. Nxc6 Qc7
21. Rd1 Rc8 22. d5 Bd7 23. Bf4 Qb6 24. Ne7+ Kf8 25. Nxc8
1-0

[Event "BAF"]
[Site "SchemingMind.com"]
[Date "2021.10.03"]
[Round "-"]
[White "krzysztof"]
[Black "Derek Price"]
[Result "0-1"]
[WhiteCountry "POL"]
[BlackCountry "ENG"]
[WhiteElo "1493"]
[WhiteRD "84"]
[BlackElo "2214"]
[BlackRD "68"]
[GameID "716039"]

1. e4 c5 2. Ne2 d6 3. d4 cxd4 4. Nxd4 Nf6 5. Bd3 Nc6 6. Nxc6 bxc6 7. Nc3 g6 8. Bg5 Bg7 9. O-O h6 10. Be3 Ng4
11. h3 Nxe3 12. fxe3 O-O 13. g4 Rb8 14. Rb1 Qa5 15. Bc4 Bxc3 16. bxc3 Rxb1 17. Qxb1 Qc5 18. Bxf7+ Rxf7 19. Qb3 Qxe3+ 20. Kg2 Qe2+
21. Kg1 Qxf1+ 22. Kh2 e6 23. c4 Qe2+ 24. Kg3 Qf2#
0-1

[Event "BAF"]
[Site "SchemingMind.com"]
[Date "2021.10.03"]
[Round "-"]
[White "grabapawn"]
[Black "krzysztof"]
[Result "1-0"]
[WhiteCountry "USA"]
[BlackCountry "POL"]
[WhiteElo "1515"]
[WhiteRD "65"]
[BlackElo "1466"]
[BlackRD "78"]
[GameID "716040"]

1. f4 e5 2. fxe5 d6 3. Nf3 dxe5 4. e4 Nc6 5. Bc4 Bg4 6. d3 Nd4 7. Bxf7+ Kxf7 8. Nxe5+ Ke8 9. Nxg4 Qd7 10. Ne5 Qe6
11. Bf4 Bd6 12. c3 Bxe5 13. Qh5+ g6 14. Qxe5 Qxe5 15. Bxe5 Nc2+ 16. Kd2 Nxa1 17. Bxh8 Kf7 18. Rf1+ Ke7 19. b4 Rf8 20. Rxf8 Kxf8
21. c4 Ne7 22. Bxa1 c6 23. Ke3 b5 24. cxb5 cxb5 25. Nc3 a6 26. a4 bxa4 27. Nxa4 Nc6 28. Bc3 Ke7 29. d4 Kd6 30. Nb6 Kc7
31. Nd5+ Kd6 32. Nf4 Ne7 33. e5+ Kc6 34. Ke4 Nf5 35. d5+ Kb5 36. d6 Kc6 37. g3 Kd7 38. g4 Ng7 39. Nd5 Ne6 40. Nf6+ Kc6
41. Nxh7 Ng7 42. Nf6 Ne6 43. d7 Kc7 44. Kd5 Nd8 45. e6 Nc6 46. h4 Ne7+ 47. Kc5 Kd8 48. Nd5 Nxd5 49. Be5 Ne7 50. Kd6 Nc8+
51. Kc6 Ne7+ 52. Kd6 Nc8+ 53. Kc6 Ne7+ 54. Kb7 Nd5 55. Kxa6 Nxb4+ 56. Kb7 Nd5 57. h5 gxh5 58. gxh5 Ne7 59. Bc7#
1-0

[Event "BAF"]
[Site "SchemingMind.com"]
[Date "2021.10.02"]
[Round "-"]
[White "Phillip Beckett"]
[Black "krzysztof"]
[Result "1-0"]
[WhiteCountry "ENG"]
[BlackCountry "POL"]
[WhiteElo "1493"]
[WhiteRD "52"]
[BlackElo "1514"]
[BlackRD "80"]
[GameID "716041"]

1. e4 e5 2. Nf3 Nc6 3. Bb5 d6 4. d4 Bd7 5. dxe5 dxe5 6. O-O Bd6 7. Bg5 f6 8. Be3 a6 9. Ba4 b5 10. Bb3 Nge7
11. c3 g5 12. Nxg5 h6 13. Qh5+ Ng6 14. Qxg6+ Ke7 15. Qf7#
1-0

[Event "BAF"]
[Site "SchemingMind.com"]
[Date "2021.10.02"]
[Round "-"]
[White "JAHI"]
[Black "krzysztof"]
[Result "1-0"]
[WhiteCountry "INT"]
[BlackCountry "POL"]
[WhiteElo "2048"]
[WhiteRD "65"]
[BlackElo "1497"]
[BlackRD "80"]
[GameID "716042"]

1. d3 e6 2. g3 d5 3. Bg2 b6 4. Kf1 Bb7 5. h3 Nc6 6. a3 Qf6 7. a4 a5 8. Na3 Ba6 9. Nb5 O-O-O 10. h4 Bc5
11. Nh3 Nh6 12. Bg5 Qxb2 13. Rb1 Qe5 14. c3 f6 15. d4 Qf5 16. Bxh6 gxh6 17. dxc5 bxc5 18. Nf4 Rhe8 19. Nd3 c4 20. Nc5 Bxb5
21. axb5 Nb8 22. b6 c6 23. Bh3 Qe5 24. Qa4 Rd6 25. Qxa5 d4 26. b7#
1-0

[Event "BAF"]
[Site "SchemingMind.com"]
[Date "2021.10.03"]
[Round "-"]
[White "krzysztof"]
[Black "eliecercruzr"]
[Result "0-1"]
[WhiteCountry "POL"]
[BlackCountry "CUB"]
[WhiteElo "1497"]
[WhiteRD "80"]
[BlackElo "2255"]
[BlackRD "81"]
[GameID "716043"]

1. e4 e6 2. a3 d5 3. e5 c5 4. Bb5+ Bd7 5. a4 Ne7 6. c4 dxc4 7. Bxc4 Nbc6 8. Nf3 Ng6 9. d3 Ncxe5 10. Bg5 Nxf3+
11. Qxf3 Qxg5 12. g3 Qc1+ 13. Qd1 Qxb2 14. Nd2 Qe5+ 15. Kf1 a6 16. Ne4 Bc6 17. f3 Rd8 18. Ra3 h5 19. f4 Qxe4 20. Rg1 Qxc4
21. dxc4 Rxd1+ 22. Kf2 Rd2+ 23. Ke1 Rxh2 24. Re3 Be7 25. Re2 Rxe2+ 26. Kxe2 Bxa4 27. Rb1 Bc6 28. Ke3 Bf6 29. f5 Bd4+ 30. Kd2 exf5
31. Re1+ Ne5 32. Ke2 g6 33. Kf1 O-O 34. g4 hxg4 35. Rb1 g3 36. Ke2 Nxc4 37. Rc1 Re8+ 38. Kd3 Re3+ 39. Kxc4 b5#
0-1

[Event "BAF"]
[Site "SchemingMind.com"]
[Date "2021.10.02"]
[Round "-"]
[White "Derek Price"]
[Black "JAHI"]
[Result "1-0"]
[WhiteCountry "ENG"]
[BlackCountry "INT"]
[WhiteElo "2265"]
[WhiteRD "69"]
[BlackElo "2048"]
[BlackRD "65"]
[GameID "716044"]

1. c4 c6 2. g3 c5 3. Bg2 Nc6 4. Nc3 h6 5. Nf3 h5 6. d4 d6 7. dxc5 dxc5 8. Qxd8+ Kxd8 9. Be3 Bd7 10. Bxc5 Rc8
11. b3 Ke8 12. Ba3 g6 13. Bb2 Bg7 14. O-O-O Nf6 15. Nd5 Rg8 16. Nxf6+ Bxf6 17. Bxf6 exf6 18. Rd2 Ke7 19. Rhd1 Rgd8 20. Kb2 b6
21. Nd4 Nxd4 22. Rxd4 b5 23. cxb5 Bxb5 24. Rxd8 Rxd8 25. Rxd8 Kxd8 26. e3 h4 27. Kc3 hxg3 28. fxg3 f5 29. a4 Bd7 30. Kc4 f6
31. Kc5 Kc7 32. a5 Bc8 33. b4 Be6 34. Bd5 Bd7 35. Bf7 g5 36. h4 Bc6 37. h5 f4 38. exf4 Ba4 39. f5 Bc2 40. Be6 a6
41. h6 Bxf5 42. Bxf5 Kd8 43. h7 Ke7 44. h8=Q Kf7 45. Kc6 g4 46. Kc7 Ke7 47. Qg7+ Ke8 48. Bg6#
1-0

[Event "BAF"]
[Site "SchemingMind.com"]
[Date "2021.10.02"]
[Round "-"]
[White "JAHI"]
[Black "Phillip Beckett"]
[Result "1-0"]
[WhiteCountry "INT"]
[BlackCountry "ENG"]
[WhiteElo "1995"]
[WhiteRD "72"]
[BlackElo "1493"]
[BlackRD "52"]
[GameID "716045"]

1. d3 e5 2. g3 d5 3. Bg2 c6 4. Kf1 Be6 5. h3 Qd7 6. b3 f5 7. Bb2 Nf6 8. Bxe5 d4 9. c3 dxc3 10. Nxc3 Na6
11. Nf3 Nc5 12. b4 Be7 13. bxc5 Bxc5 14. Qc2 O-O 15. Re1 Nd5 16. Nxd5 Bxd5 17. Qxc5 b6 18. Qd6 Qxd6 19. Bxd6 Rfe8 20. Nd4 g6
21. Bxd5+ Kh8 22. Bxc6 Rac8 23. Bxe8
1-0

[Event "BAF"]
[Site "SchemingMind.com"]
[Date "2021.10.03"]
[Round "-"]
[White "Derek Price"]
[Black "Daniel Dubé"]
[Result "1-0"]
[WhiteCountry "ENG"]
[BlackCountry "CAN"]
[WhiteElo "2214"]
[WhiteRD "68"]
[BlackElo "1589"]
[BlackRD "61"]
[GameID "716046"]

1. c4 e5 2. Nc3 Nc6 3. g3 f5 4. Bg2 Nf6 5. e3 Bb4 6. Nge2 d6 7. Nd5 O-O 8. O-O Be6 9. d4 e4 10. Nxf6+ Qxf6
11. d5 Ne5 12. dxe6 Qxe6 13. b3 Qg6 14. a3 Ba5 15. Qd5+ Kh8 16. Qxa5 Nf3+ 17. Bxf3 exf3 18. Nf4 Qh6 19. Qd5 g5 20. Bb2+ Rf6
21. Nh5
1-0

[Event "BAF"]
[Site "SchemingMind.com"]
[Date "2021.10.04"]
[Round "-"]
[White "Daniel Dubé"]
[Black "grabapawn"]
[Result "1-0"]
[WhiteCountry "CAN"]
[BlackCountry "USA"]
[WhiteElo "1580"]
[WhiteRD "58"]
[BlackElo "1515"]
[BlackRD "64"]
[GameID "716047"]

1. d4 b6 2. c4 Bb7 3. Nc3 Nf6 4. Qc2 Nc6 5. Nf3 e6 6. e4 Nb4 7. Qb1 Be7 8. a3 Nc6 9. e5 Ng4 10. h3 Nh6
11. Bxh6 gxh6 12. Qc1 d5 13. cxd5 exd5 14. Qxh6 Bf8 15. Qf4 Na5 16. Nb5 a6 17. Nd6+ cxd6 18. Bd3 Be7 19. O-O Nc4 20. Bxc4 dxc4
21. Rfe1 dxe5 22. Rxe5 h6 23. Rae1 Bxf3 24. Qf6 Rg8 25. Rxe7+ Kf8 26. Qxf7#
1-0

[Event "BAF"]
[Site "SchemingMind.com"]
[Date "2021.10.04"]
[Round "-"]
[White "Daniel Dubé"]
[Black "Phillip Beckett"]
[Result "1/2-1/2"]
[WhiteCountry "CAN"]
[BlackCountry "ENG"]
[WhiteElo "1580"]
[WhiteRD "58"]
[BlackElo "1468"]
[BlackRD "56"]
[GameID "716048"]

1. d4 d5 2. c4 e6 3. Nf3 Nf6 4. g3 Be7 5. Bg2 c6 6. O-O O-O 7. Qc2 Nbd7 8. b3 dxc4 9. bxc4 c5 10. Rd1 cxd4
11. Nxd4 Qb6 12. Nc3 a6 13. Rb1 Qc7 14. Ne4 Nxe4 15. Bxe4 Nf6 16. Bg5 h6 17. Bxf6 Bxf6 18. e3 Rb8 19. Qe2 b6 20. Nc6 Bb7
21. Nxb8 Rxb8 22. Bxb7 Rxb7 23. c5 bxc5 24. Rxb7 Qxb7 25. Qd3 Qb2 26. Rb1 Qe5 27. f4 Qc7 28. Qxa6 g6 29. Rb7 Qd8 30. Qa7 Qd1+
31. Kf2 Qd2+ 32. Kf3 Qd5+ 33. Ke2 Qg2+ 34. Kd3=
1/2-1/2

[Event "BAF"]
[Site "SchemingMind.com"]
[Date "2021.10.03"]
[Round "-"]
[White "krzysztof"]
[Black "Daniel Dubé"]
[Result "0-1"]
[WhiteCountry "POL"]
[BlackCountry "CAN"]
[WhiteElo "1466"]
[WhiteRD "78"]
[BlackElo "1604"]
[BlackRD "57"]
[GameID "716049"]

1. e4 c5 2. Na3 Nc6 3. Bc4 e6 4. Nb5 d6 5. d4 cxd4 6. Nxd4 Nf6 7. f3 Bd7 8. Be3 Rc8 9. b3 Nxd4 10. Bxd4 Be7
11. Nh3 O-O 12. O-O e5 13. Be3 b6 14. f4 Bc6 15. f5 Bxe4 16. c3 d5 17. Bd3 Bxd3 18. Qxd3 e4 19. Qd2 Bc5 20. Bxc5 bxc5
21. Rad1 Re8 22. Nf4 e3 23. Qe2 d4 24. cxd4 cxd4 25. Rd3 Rc7 26. Rfd1 Re4 27. g3 Qd6 28. Ng2 Ng4 29. Rf1 Nf2 30. Nf4 Nxd3
31. Qxd3 Qe5 32. Ne2 h5 33. Rf4 Rxf4 34. Nxf4 Rc3 35. Qe2 Qxf5 36. Ng2 Rc2 37. Qf1 Qxf1+ 38. Kxf1 Rf2+ 39. Kg1 Rxg2+ 40. Kxg2 f6
41. Kf3 Kf7 42. Ke2 Ke6 43. Kd3 g5 44. Ke2 f5 45. b4 f4 46. gxf4 gxf4 47. a4 Kd5 48. b5 Ke4 49. a5 f3+ 50. Ke1 d3
51. b6 d2+ 52. Kd1 Kd3 53. b7 e2#
0-1

[Event "BAF"]
[Site "SchemingMind.com"]
[Date "2021.10.03"]
[Round "-"]
[White "Daniel Dubé"]
[Black "JAHI"]
[Result "0-1"]
[WhiteCountry "CAN"]
[BlackCountry "INT"]
[WhiteElo "1580"]
[WhiteRD "58"]
[BlackElo "2048"]
[BlackRD "65"]
[GameID "716050"]

1. d4 c6 2. c4 g6 3. Nc3 Bg7 4. Nf3 Kf8 5. e4 d6 6. Be2 Bg4 7. h3 Bxf3 8. Bxf3 Nd7 9. O-O h6 10. Be3 h5
11. Be2 e6 12. f4 Ne7 13. d5 exd5 14. cxd5 c5 15. f5 Kg8 16. Bg5 Bd4+ 17. Kh1 Rh7 18. e5 Bxe5 19. fxg6 fxg6 20. Bg4 hxg4
21. Qxg4 Qe8 22. Bxe7 Rxe7 23. Ne4 Rd8 24. h4 Bxb2 25. Ng5 Bxa1 26. Ne6 Bf6 27. Nxd8 Re4 28. Qg3 Rxh4+ 29. Kg1 Bd4+
0-1

[Event "BAF"]
[Site "SchemingMind.com"]
[Date "2021.10.03"]
[Round "-"]
[White "eliecercruzr"]
[Black "Daniel Dubé"]
[Result "1-0"]
[WhiteCountry "CUB"]
[BlackCountry "CAN"]
[WhiteElo "2226"]
[WhiteRD "86"]
[BlackElo "1589"]
[BlackRD "61"]
[GameID "716051"]

1. d4 Nf6 2. c4 e6 3. Nf3 d5 4. Nc3 c6 5. e3 Nbd7 6. Qc2 dxc4 7. Bxc4 Bb4 8. O-O O-O 9. e4 b5 10. Be2 Bb7
11. e5 Nd5 12. Nxd5 cxd5 13. Bxb5 f6 14. Qa4 Nxe5 15. dxe5 a5 16. Bf4 g5 17. Be3 g4 18. Nd4 fxe5 19. Nxe6 Qf6 20. Nxf8 d4
21. Nd7 Qf5 22. Bh6 Qe4 23. Nf6+
1-0

[Event "BAF"]
[Site "SchemingMind.com"]
[Date "2021.10.03"]
[Round "-"]
[White "Allan Sedstrem"]
[Black "Derek Price"]
[Result "0-1"]
[WhiteCountry "SCO"]
[BlackCountry "ENG"]
[WhiteElo "1425"]
[WhiteRD "77"]
[BlackElo "2214"]
[BlackRD "68"]
[GameID "716052"]

1. f4 Nf6 2. Nf3 g6 3. e3 Bg7 4. Nc3 O-O 5. Bc4 d5 6. Bb3 c5 7. h3 a6 8. a3 e6 9. Ne2 b5 10. d4 Nbd7
11. O-O Ne4 12. c3 Qc7 13. Bc2 Bb7 14. Bxe4 dxe4 15. Nd2 Bd5 16. Ng3 f5 17. Rf2 a5 18. b4 axb4 19. cxb4 cxd4 20. Nb3 dxe3
21. Bxe3 Qc3 22. Bd4 Qxb3 23. Qxb3 Bxb3 24. Bxg7 Kxg7 25. Rb2 Bc4 26. Nf1 Bxf1 27. Kxf1 Rfc8 28. Ke2 Nb6 29. Rbb1 Rc2+ 30. Kf1 Nd5
31. g3 Rac8 32. Re1 Rh2 33. h4 Rcc2 34. Rac1 Rh1#
0-1

[Event "BAF"]
[Site "SchemingMind.com"]
[Date "2021.10.03"]
[Round "-"]
[White "grabapawn"]
[Black "Allan Sedstrem"]
[Result "1-0"]
[WhiteCountry "USA"]
[BlackCountry "SCO"]
[WhiteElo "1495"]
[WhiteRD "64"]
[BlackElo "1425"]
[BlackRD "77"]
[GameID "716053"]

1. f4 g6 2. Nf3 Bg7 3. e3 Nf6 4. Bc4 d5 5. Bb3 O-O 6. O-O c5 7. c4 e6 8. d3 Nc6 9. Nc3 a6 10. a3 Re8
11. Qe1 Na5 12. Ba2 Bd7 13. cxd5 c4 14. dxc4 exd5 15. cxd5 Bh6 16. Qh4 Bg7 17. Ne5 h5 18. d6 Bb5 19. Nxb5 axb5 20. Bxf7+ Kh8
21. Bxg6 Nc6 22. Nf7+
1-0

[Event "BAF"]
[Site "SchemingMind.com"]
[Date "2021.10.03"]
[Round "-"]
[White "Phillip Beckett"]
[Black "Allan Sedstrem"]
[Result "0-1"]
[WhiteCountry "ENG"]
[BlackCountry "SCO"]
[WhiteElo "1493"]
[WhiteRD "52"]
[BlackElo "1397"]
[BlackRD "87"]
[GameID "716054"]

1. e4 c6 2. d4 d5 3. Nc3 g6 4. exd5 cxd5 5. Nf3 Bg7 6. Be3 Nc6 7. Bb5 Bd7 8. O-O e6 9. Qd2 Nf6 10. Rad1 O-O
11. Ne5 a6 12. Be2 Qc7 13. Nxd7 Qxd7 14. Na4 Qc7 15. b3 Ne4 16. Qe1 f5 17. Bd3 f4 18. Bd2 Nxd2 19. Qxe6+ Kh8 20. Rxd2 Nxd4
21. Nb2 Nxe6
0-1

[Event "BAF"]
[Site "SchemingMind.com"]
[Date "2021.10.03"]
[Round "-"]
[White "Allan Sedstrem"]
[Black "krzysztof"]
[Result "1-0"]
[WhiteCountry "SCO"]
[BlackCountry "POL"]
[WhiteElo "1520"]
[WhiteRD "67"]
[BlackElo "1497"]
[BlackRD "80"]
[GameID "716055"]

1. e4 e5 2. Nf3 Bd6 3. d4 exd4 4. Nxd4 c5 5. Nf5 Be5 6. Bc4 d6 7. f4 Bf6 8. Nxd6+ Ke7 9. e5 Bxe5 10. fxe5 Nc6
11. Bf4 Be6 12. Bxe6 fxe6 13. O-O Qb6 14. Nc4 Qc7 15. Qd6+ Qxd6 16. Nxd6 Nh6 17. Bxh6 gxh6 18. Rf7+ Kd8 19. Nxb7+ Ke8 20. Rc7 Nxe5
21. Nxc5 Rd8 22. Nc3 Rd2 23. Nxe6 Rg8 24. Rc8+ Kf7 25. Rf1+ Kxe6 26. Rxg8 Rxc2 27. Re8+ Kd6 28. Rd1+ Kc7 29. Rxe5 Rxb2 30. Rf1 Kd6
31. Rfe1 Rb6 32. Re6+ Kd7 33. Rxb6 axb6 34. Re3 Kc6 35. Re6+ Kc5 36. Rxh6 Kc4 37. Rxb6 Kxc3 38. a4 Kc4 39. a5
1-0

[Event "BAF"]
[Site "SchemingMind.com"]
[Date "2021.10.03"]
[Round "-"]
[White "JAHI"]
[Black "Allan Sedstrem"]
[Result "1-0"]
[WhiteCountry "INT"]
[BlackCountry "SCO"]
[WhiteElo "2048"]
[WhiteRD "65"]
[BlackElo "1520"]
[BlackRD "67"]
[GameID "716056"]

1. d3 e5 2. g3 Nf6 3. Bg5 Be7 4. Bxf6 Bxf6 5. Bg2 d5 6. Nd2 Be6 7. Kf1 Nd7 8. h3 c6 9. h4 e4 10. dxe4 O-O
11. exd5 Bxd5 12. c3 Bxg2+ 13. Kxg2 Qc7 14. Nh3 Rad8 15. Qc2 Rfe8 16. Ne4 Qe5 17. f3 h6 18. Rag1 Be7 19. Nf4 Nf6 20. Nd3 Qa5
21. Nxf6+ Bxf6 22. a3 Qc7 23. Nf2 Re7 24. Rh2 Rde8 25. Re1 Be5 26. f4 Bd6 27. Nd1 c5 28. e3 Qc6+ 29. Kg1 Qf3 30. Qg2 Qg4
31. Qh3 Qf3 32. Rf2 Qe4 33. Rd2 Bb8 34. Nf2 Qf3 35. Qg2 Qxg2+ 36. Kxg2 Rxe3 37. Rxe3 Rxe3 38. Rd8+ Kh7 39. Rxb8 b6 40. Rb7 Re2
41. Rxa7 Rxb2 42. Rxf7 Rb3 43. Ne4 Rxa3 44. h5 Kg8 45. Rb7 Rb3 46. Nxc5 Rxc3 47. Ne6 Rc6 48. Rb8+ Kh7 49. f5 g6 50. fxg6#
1-0

[Event "BAF"]
[Site "SchemingMind.com"]
[Date "2021.10.03"]
[Round "-"]
[White "Daniel Dubé"]
[Black "Allan Sedstrem"]
[Result "1-0"]
[WhiteCountry "CAN"]
[BlackCountry "SCO"]
[WhiteElo "1580"]
[WhiteRD "58"]
[BlackElo "1520"]
[BlackRD "67"]
[GameID "716057"]

1. d4 g6 2. c4 c6 3. e4 Bg7 4. Nc3 d6 5. f4 Nf6 6. e5 dxe5 7. fxe5 Nfd7 8. Nf3 O-O 9. Bd3 e6 10. Ne4 f6
11. exf6 Nxf6 12. O-O Qb6 13. c5 Qc7 14. Bg5 Nxe4 15. Bxe4 Nd7 16. Be7 Rf7 17. Bd6 Qd8 18. Ne5 Nxe5 19. dxe5 Rd7 20. Qf3 Rxd6
21. exd6 b6 22. Bxc6 Rb8 23. Qf7+ Kh8 24. d7 Bxd7 25. Bxd7 bxc5 26. Bxe6 Bd4+ 27. Kh1 Bxb2 28. Rad1 Bd4 29. Rf3 Qd6 30. Rh3 h5
31. Rg3 Rf8 32. Qxg6
1-0

[Event "BAF"]
[Site "SchemingMind.com"]
[Date "2021.10.03"]
[Round "-"]
[White "Allan Sedstrem"]
[Black "eliecercruzr"]
[Result "0-1"]
[WhiteCountry "SCO"]
[BlackCountry "CUB"]
[WhiteElo "1397"]
[WhiteRD "87"]
[BlackElo "2203"]
[BlackRD "95"]
[GameID "716058"]

1. f4 d5 2. Nf3 Nf6 3. e3 c5 4. b3 e6 5. Bb2 Be7 6. Nc3 a6 7. d4 b5 8. a3 Nc6 9. Be2 O-O 10. O-O Qc7
11. Qd2 cxd4 12. exd4 Bb7 13. Rad1 Bd6 14. g3 Ne7 15. Bd3 Ne4 16. Bxe4 dxe4 17. Nh4 b4 18. axb4 Bxb4 19. Qe3 Rfc8 20. Na2 Qxc2
21. Nxb4 Qxb2 22. Rb1 Qa3 23. Qd2 e3 24. Qe1 Be4
0-1

[Event "BAF"]
[Site "SchemingMind.com"]
[Date "2021.10.03"]
[Round "-"]
[White "carra1971"]
[Black "Allan Sedstrem"]
[Result "1-0"]
[WhiteCountry "CUB"]
[BlackCountry "SCO"]
[WhiteElo "2176"]
[WhiteRD "88"]
[BlackElo "1397"]
[BlackRD "87"]
[GameID "716059"]

1. e4 c6 2. d4 d5 3. Nc3 f5 4. e5 e6 5. Be3 Bb4 6. Bd2 Bd7 7. h4 Be7 8. g4 g6 9. gxf5 exf5 10. Qf3 Qb6
11. O-O-O Qxd4 12. Qg3 Qb6 13. Nf3 a5 14. h5 g5 15. Nxg5 d4 16. Na4 Qc7 17. Nf7 Kxf7 18. e6+
1-0

[Event "BAF"]
[Site "SchemingMind.com"]
[Date "2021.10.03"]
[Round "-"]
[White "Allan Sedstrem"]
[Black "Quotidienne1"]
[Result "0-1"]
[WhiteCountry "SCO"]
[BlackCountry "SWE"]
[WhiteElo "1397"]
[WhiteRD "87"]
[BlackElo "2206"]
[BlackRD "113"]
[GameID "716060"]

1. f4 g6 2. Nf3 Bg7 3. e3 d5 4. d4 c5 5. dxc5 Qa5+ 6. c3 Qxc5 7. Nd4 Nf6 8. h3 Nc6 9. b4 Qb6 10. a4 e5
11. fxe5 Ne4 12. g4 Qd8 13. Bg2 Qh4+ 14. Ke2 Qf2+ 15. Kd3 Nxe5#
0-1

[Event "BAF"]
[Site "SchemingMind.com"]
[Date "2021.10.03"]
[Round "-"]
[White "eliecercruzr"]
[Black "Derek Price"]
[Result "1/2-1/2"]
[WhiteCountry "CUB"]
[BlackCountry "ENG"]
[WhiteElo "2203"]
[WhiteRD "95"]
[BlackElo "2203"]
[BlackRD "69"]
[GameID "716061"]

1. d4 d5 2. c4 c6 3. Nf3 Nf6 4. e3 e6 5. Nc3 Nbd7 6. Bd3 dxc4 7. Bxc4 b5 8. Bd3 Bb7 9. a3 Bd6 10. O-O O-O
11. Qc2 h6 12. e4 e5 13. h3 a6 14. Be3 c5 15. dxe5 Nxe5 16. Nxe5 Bxe5 17. Bxc5 Re8 18. Rad1 Qa5 19. f3 Qc7 20. Bf2 Nh5
21. a4 bxa4 22. Nxa4 Qxc2 23. Bxc2 Bc6 24. Bd4 Bb5 25. Rfe1 Bg3 26. Bf2=
1/2-1/2

[Event "BAF"]
[Site "SchemingMind.com"]
[Date "2021.10.03"]
[Round "-"]
[White "Phillip Beckett"]
[Black "eliecercruzr"]
[Result "0-1"]
[WhiteCountry "ENG"]
[BlackCountry "CUB"]
[WhiteElo "1493"]
[WhiteRD "52"]
[BlackElo "2203"]
[BlackRD "95"]
[GameID "716062"]

1. e4 e6 2. d4 d5 3. Nd2 Nf6 4. exd5 exd5 5. Ngf3 Bf5 6. c3 Nbd7 7. Be2 Bd6 8. O-O O-O 9. Re1 h6 10. Nf1 Re8
11. Ng3 Bh7 12. Bf1 Rxe1 13. Qxe1 Ne4 14. Nxe4 Bxe4 15. Be3 Bxf3 16. gxf3 Qh4 17. f4 Re8 18. f3 Qh5 19. Qf2 Nf8 20. Re1 Qf5
21. Qg3 Rxe3 22. Rxe3 Bxf4 23. Qe1 Qg5+ 24. Kh1 Bxe3 25. Bg2 Bc1 26. b3 Bd2 27. Qe2 Bxc3
0-1